Dân tộc học đại cương

Đã lưu trong:
书目详细资料
主要作者: Ngô, Văn Lệ
格式: 图书
语言:Undetermined
出版: Thành phố Hồ Chí Minh Trường Đại học Tổng hợp Tp. Hồ Chí Minh 1995
主题:
标签: 添加标签
没有标签, 成为第一个标记此记录!
Thư viện lưu trữ: Trung tâm Học liệu Trường Đại học Cần Thơ
LEADER 00609nam a2200181Ia 4500
001 CTU_35627
008 210402s9999 xx 000 0 und d
082 |a 920.0092 
082 |b L250 
100 |a Ngô, Văn Lệ 
245 0 |a Dân tộc học đại cương 
245 0 |c Ngô Văn Lệ, Nguyễn Văn Tiệp 
260 |a Thành phố Hồ Chí Minh 
260 |b Trường Đại học Tổng hợp Tp. Hồ Chí Minh 
260 |c 1995 
650 |a Ethnology 
904 |i Nguyễn Quang Điền, QHieu 
980 |a Trung tâm Học liệu Trường Đại học Cần Thơ